• 首页
  • 本馆介绍
  • 公告通知
  • 最新文献
  • 馆藏检索
  • 电子资源
  • 读者荐购
  • 参考咨询
  • CALIS
  • 我的图书馆
  • 登录
  • 详细信息显示
  • 放入我的书架
  • 预约/预借图书
  • 作者相关作品
  • 分类相关作品
  • 丛书相关作品
  • 出版社相关作品

书目信息

  • 表格格式
  • 工作单格式
  • 卡片格式
题名:
国家考古遗址公园环境设计
    
 
作者: 赵文斌 , 褚天骄 著
分册:  
出版信息: 北京   中国建筑工业出版社  2024.07
页数: 325页
开本: 26cm
丛书名:
单 册:
中图分类: TU986.5
科图分类:
主题词: 文化遗址--wen hua yi zhi--国家公园--环境设计--中国
电子资源:
ISBN: 978-7-112-27860-2
 
 
 
 
 
000 01426nam0 2200253 450
001 91367
005 20250816204911.71
010    @a978-7-112-27860-2@dCNY298.00
100    @a20240912d2024 em y0chiy50 ea
101 0  @achi
102    @aCN@b110000
105    @aak z 000yy
106    @ar
200 1  @a国家考古遗址公园环境设计@Aguo jia kao gu yi zhi gong yuan huan jing she ji@e理论与实践@f赵文斌, 褚天骄著
210    @a北京@c中国建筑工业出版社@d2024.07
215    @a325页@c图@d26cm
314    @a赵文斌, 风景园林学博士、教授级高级工程师。现任中国城市建设研究院有限公司副总经理、总工程师、中国建筑设计研究院有限公司副总工程师等。褚天骄, 注册城乡规划师, 高级规划师, 现任中国建筑设计研究院有限公司城镇规划设计研究院城镇开发研究所所长。
330    @a本书系统阐述了国家考古遗址公园保护利用的新模式和迄今为止取得的经验。总体来看, 我国大遗址保护工作的发展历程在观念上经历了“修旧如旧, 忠于历史, 保持原貌”到“注重保护的真实性、完整性, 将保护利用与城市发展相结合”的过程 ; 在保护内容上经历了从“单纯地保持遗址本体”到“广泛、动态地保护遗址本体及其周边环境和历史文化的整体保护”过程 ; 在保护手段上经历了“以保护, 保存, 修复等被动保护”到“遗址再生, 着眼于主动的规划式保护”的过程。
606 0  @a文化遗址@Awen hua yi zhi@x国家公园@x环境设计@y中国
690    @aTU986.5@v5
701  0 @a赵文斌@Azhao wen bin@4著
701  0 @a褚天骄@Achu tian jiao@4著
801  0 @aCN@c20250909
905    @a河南城建学院图书馆@dTU986.5@eZ330@f1
    
    国家考古遗址公园环境设计:理论与实践/赵文斌, 褚天骄著.-北京:中国建筑工业出版社,2024.07
    325页:图;26cm
    
    
    ISBN 978-7-112-27860-2:CNY298.00
    本书系统阐述了国家考古遗址公园保护利用的新模式和迄今为止取得的经验。总体来看, 我国大遗址保护工作的发展历程在观念上经历了“修旧如旧, 忠于历史, 保持原貌”到“注重保护的真实性、完整性, 将保护利用与城市发展相结合”的过程 ; 在保护内容上经历了从“单纯地保持遗址本体”到“广泛、动态地保护遗址本体及其周边环境和历史文化的整体保护”过程 ; 在保护手段上经历了“以保护, 保存, 修复等被动保护”到“遗址再生, 着眼于主动的规划式保护”的过程。
●
相关链接 在E读中查询图书 在当当中查询图书 在豆瓣中查询图书


正题名:国家考古遗址公园环境设计     索取号:TU986.5/Z330         预约/预借

序号 登录号 条形码 馆藏地/架位号 状态 备注
1 1625329   216253293   建筑库201/201建筑库 118排2列3层/ [索取号:TU986.5/Z330] 在馆    
河南城建学院图书馆 欢迎您!
大连网信软件有限公司© 版权所有